| 000 | 00571nam a22002177a 4500 | ||
|---|---|---|---|
| 005 | 20151201060424.0 | ||
| 008 | 140306b xxu||||| |||| 00| 0 eng d | ||
| 020 | _a0534405991 | ||
| 080 |
_2512.5 _x(075.8) |
||
| 245 | _aCollege Algebra 4th/ | ||
| 250 | _a5th ed. | ||
| 260 |
_aAustralia _bBrooks/Cole _c2004 |
||
| 300 |
_a[789] f. : _bme il.; _c26 cm _e+ 1 CD. |
||
| 500 | _aIndex f. [780-788] | ||
| 650 | _2Algjebra e Përgjithshme | ||
| 650 | _2Matematika | ||
| 700 | _aStewart, James | ||
| 700 | _aRedlin, Lothar | ||
| 700 | _aWatson, Saleem | ||
| 942 |
_2udc _cBK |
||
| 999 |
_c409 _d409 |
||